Arsenal's Starting XI vs Hull FA Cup Final 2014 - Statistics

General Stats
  • This quiz has been taken 959 times
    947 since last reset
  • The average score is 13 of 18
Answer Stats
Hint Answer % Correct
ST, #12 Olivier Giroud
93%
CM, #16 Aaron Ramsey
92%
AM, #11 Mesut Ozil
90%
CB, #06 Laurent Koscielny
86%
RM, #19 Santi Cazorla
85%
CB, #04 Per Mertesacker
84%
LB, #28 Kieran Gibbs
83%
CM, #10 Jack Wilshere
77%
RB, #03 Bacary Sagna
76%
GK, #21 Lukasz Fabianski
73%
LB, #17 Nacho Monreal
72%
CM, #08 Mikel Arteta
71%
LM, #09 Lukas Podolski
66%
AM, #07 Tomas Rosicky
60%
Subs: GK, #01 Wojciech Szczesny
60%
ST, #22 Yaya Sanogo
55%
CB, #05 Thomas Vermaelen
49%
CM, #20 Mathieu Flamini
43%
No matching quizzes found
Score Distribution
Percent of People with Each Score
Percentile by Number Answered
Your Score History
You have not taken this quiz since the last reset